Challenges of economic policy in Manipur: essays in honour of prof. M. Iboton Singh (Record no. 6470)

MARC details
000 -LEADER
fixed length control field 00503nam a2200157Ia 4500
020 ## - INTERNATIONAL STANDARD BOOK NUMBER
ISBN 9788183701280
082 ## - DEWEY DECIMAL CLASSIFICATION NUMBER
Classification number RR 330.954 CHA-
245 #0 - TITLE STATEMENT
Title Challenges of economic policy in Manipur: essays in honour of prof. M. Iboton Singh
260 ## - PUBLICATION, DISTRIBUTION, ETC. (IMPRINT)
Place of publication New Delhi
Name of publisher Akansha Publishing
Year of publication 2009
500 ## - GENERAL NOTE
General note contents: 2vols. Vol.1 (xx, 276p.) - v.2 (vi, 505p.)
504 ## - BIBLIOGRAPHY, ETC. NOTE
Bibliography, etc includes index
650 ## - SUBJECT ADDED ENTRY--TOPICAL TERM
Topical Term Manipur
Form subdivision Economic condition
700 ## - ADDED ENTRY--PERSONAL NAME
Personal name Singh, E. Bijoykumar
700 ## - ADDED ENTRY--PERSONAL NAME
Personal name Singh, Jhaljit KSH.
942 ## - ADDED ENTRY ELEMENTS (KOHA)
Koha item type Books
Holdings
Withdrawn status Lost status Damaged status Not for loan Home library Current library Date acquired Source of acquisition Bill Date Full call number Accession Number Price effective from Koha item type
        NASSDOC Library NASSDOC Library 24/02/2009 SINGH 2008-12-30 RR 330.954 CHA- 45124 18/04/2019 Books
        NASSDOC Library NASSDOC Library 24/02/2009 SINGH 2008-12-30 RR 330.954 CHA- 45125 18/04/2019 Books